Puzzles for the High IQ (Record no. 803)

MARC details
000 -LEADER
fixed length control field 00283nam a2200109 4500
008 - FIXED-LENGTH DATA ELEMENTS--GENERAL INFORMATION
fixed length control field 160624b xxu||||| |||| 00| 0 eng d
100 ## - MAIN ENTRY--PERSONAL NAME
9 (RLIN) 1003
Personal name King, L
245 ## - TITLE STATEMENT
Title Puzzles for the High IQ
260 ## - PUBLICATION, DISTRIBUTION, ETC. (IMPRINT)
Place of publication, distribution, etc. N.D
Name of publisher, distributor, etc. Good Will Pub. House
300 ## - PHYSICAL DESCRIPTION
Extent Puzzles for the High IQ
942 ## - ADDED ENTRY ELEMENTS (KOHA)
Source of classification or shelving scheme Dewey Decimal Classification
Koha item type BOOK
Holdings
Withdrawn status Lost status Source of classification or shelving scheme Damaged status Not for loan Home library Current library Shelving location Date acquired Total Checkouts Full call number Barcode Date last seen Price effective from Koha item type
    Dewey Decimal Classification     Good Samaritan School Library Good Samaritan School Library   06/24/2016   80 KIN1461 06/24/2016 06/24/2016 BOOK

Powered by Koha